Egyptian festivals : Enactments of religious renewal /

محفوظ في:

المؤلف الرئيسي: Bleeker, Claas Jouco, 1898- (مؤلف)

التنسيق: كتاب

اللغة: English

منشور في: Leiden : E. J. Brill, 1967.

سلاسل: Studies in the history of religions ; 13.

الموضوعات:

الوسوم: إضافة وسم

لا توجد وسوم, كن أول من يضع وسما على هذه التسجيلة!

رقم الطلب: BL2443 .B56 1967

LEADER 00850nam a2200265Ii 4500
001 6216
003 OSt
005 20250929114713.0
008 130303s1967 ne a b 000 0 eng d
035 |a ocm13749242 
040 |c ARCE Library 
043 |a f-ua--- 
050 4 |a BL2443 .B56 1967 
100 1 |a Bleeker, Claas Jouco,   |d 1898-,   |e author,   |9 26894 
245 1 0 |a Egyptian festivals :  |b Enactments of religious renewal /  |c by C. J. Bleeker. 
264 1 |a Leiden :   |b E. J. Brill,   |c 1967. 
300 |a vi, 162 pages :   |b illustrations ;   |c 25 cm. 
490 1 |a Studies in the history of religions ;   |v 13. 
504 |a Bibliography : pages [145]-149. 
650 0 |a Fasts and feasts   |x Egyptian religion. 
651 0 |a Egypt  |x Religion. 
830 0 |a Studies in the history of religions ;   |v 13. 
901 |a reviewed 
942 |c BK  |2 lcc 
999 |c 4877  |d 4877